Statistics for Countries Christian Herter visited

Click here to take the quiz!

General Stats

  • This quiz has been taken 8 times
  • The average score is 11 of 15

Answer Stats

Continent Country % Correct
Asia/ EuropeTurkey
100%
South AmericaArgentina
86%
South AmericaBrazil
86%
EuropeFrance
86%
EuropeUnited Kingdom
86%
EuropeBelgium
71%
North AmericaCanada
71%
South AmericaChile
71%
EuropeGermany
71%
EuropeGreece
71%
North AmericaMexico
71%
EuropeSwitzerland
57%
South AmericaUruguay
57%
North AmericaCosta Rica
43%
AsiaIran
29%

Score Distribution

Percentile by Number Answered

Percent of People with Each Score

Your Score History

You have not taken this quiz